| 000 | 00437nam a2200169Ia 4500 | ||
|---|---|---|---|
| 008 | 131103s9999 xx 000 0 und d | ||
| 040 | _aLoreto College | ||
| 041 | _aEnglish | ||
| 082 |
_aF/WAL _bLCLIB/17968 |
||
| 100 | _aWallace,Graham | ||
| 245 |
_aR.A.F.Biggin Hill _cGraham Wallace |
||
| 260 |
_aNew York _bBallantine Books _c1936 |
||
| 300 |
_a184 p. _c 17 cm. |
||
| 650 | _aFiction in English | ||
| 850 | _aLCLIB | ||
| 942 | _cBK | ||
| 999 |
_c14370 _d64849 |
||